<?xml version="1.0" encoding="UTF-8"?>
<record
    xmlns:xsi="http://www.w3.org/2001/XMLSchema-instance"
    xsi:schemaLocation="http://www.loc.gov/MARC21/slim http://www.loc.gov/standards/marcxml/schema/MARC21slim.xsd"
    xmlns="http://www.loc.gov/MARC21/slim">

  <leader>01506nam a2200289 a 4500</leader>
  <controlfield tag="001">000027387</controlfield>
  <controlfield tag="003">DO-SdBNP</controlfield>
  <controlfield tag="005">20220310104544.0</controlfield>
  <controlfield tag="008">110331s1972    dr ad         001 0 spa d</controlfield>
  <datafield tag="040" ind1=" " ind2=" ">
    <subfield code="a">DO-SdBNP</subfield>
    <subfield code="b">spa</subfield>
    <subfield code="c">BPMSU</subfield>
  </datafield>
  <datafield tag="082" ind1=" " ind2=" ">
    <subfield code="a">972.9304</subfield>
    <subfield code="b">M938d 1972</subfield>
    <subfield code="2">22</subfield>
  </datafield>
  <datafield tag="100" ind1="1" ind2=" ">
    <subfield code="a">Moya Pons, Frank,</subfield>
    <subfield code="d">1944-</subfield>
  </datafield>
  <datafield tag="245" ind1="1" ind2="3">
    <subfield code="a">La dominaci&#xF3;n haitiana :</subfield>
    <subfield code="b">1822-1844 /</subfield>
    <subfield code="c">Frank Moya Pons.</subfield>
  </datafield>
  <datafield tag="260" ind1=" " ind2=" ">
    <subfield code="a">Santiago de los Caballeros, Rep&#xFA;blica Dominicana :</subfield>
    <subfield code="b">PUCMM,</subfield>
    <subfield code="c">1972.</subfield>
  </datafield>
  <datafield tag="300" ind1=" " ind2=" ">
    <subfield code="a">221 p. :</subfield>
    <subfield code="b">il., tabls. ;</subfield>
    <subfield code="c">20 cm.</subfield>
  </datafield>
  <datafield tag="490" ind1="0" ind2=" ">
    <subfield code="a">Estudios</subfield>
  </datafield>
  <datafield tag="500" ind1=" " ind2=" ">
    <subfield code="a">Incluye &#xED;ndice de nombres, lugares y materias.</subfield>
  </datafield>
  <datafield tag="504" ind1=" " ind2=" ">
    <subfield code="a">Incluye referencias bibliogr&#xE1;ficas  y notas al  pie de las p&#xE1;gianas</subfield>
  </datafield>
  <datafield tag="504" ind1=" " ind2=" ">
    <subfield code="a">Bibliograf&#xED;a: p. 201-206.</subfield>
  </datafield>
  <datafield tag="505" ind1="0" ind2=" ">
    <subfield code="g">Prefacio --</subfield>
    <subfield code="t">La invasi&#xF3;n de Boyer (1820-1822) --</subfield>
    <subfield code="t">La cuesti&#xF3;n de la tierra (1822-1825) --</subfield>
    <subfield code="t">Deuda p&#xFA;blica, crisis econ&#xF3;mica y oposici&#xF3;n pol&#xED;tica (1826-1834) --</subfield>
    <subfield code="t">La ca&#xED;da de Boyer: conspiraci&#xF3;n y reforma (1834-1843) --</subfield>
    <subfield code="t">El fin de la dominaci&#xF3;n haitiana (1843-1844) --</subfield>
    <subfield code="g">Ap&#xE9;ndices: Proclama al Pueblo de Juan Pedro Boyer, Presidente de Hait&#xED;, 9 de febrero de 1822 --</subfield>
    <subfield code="g">Bibliograf&#xED;a --</subfield>
    <subfield code="g">&#xCD;ndice de nombres, lugares y materias.</subfield>
  </datafield>
  <datafield tag="590" ind1=" " ind2=" ">
    <subfield code="a">Inventariado, 2022/VM</subfield>
  </datafield>
  <datafield tag="651" ind1=" " ind2="4">
    <subfield code="a">Rep&#xFA;blica Dominicana</subfield>
    <subfield code="x">Historia</subfield>
    <subfield code="y">Ocupaci&#xF3;n haitiana 1822-1844</subfield>
  </datafield>
  <datafield tag="651" ind1=" " ind2="4">
    <subfield code="a">Rep&#xFA;blica Dominicana</subfield>
    <subfield code="x">Pol&#xED;tica gobierno</subfield>
    <subfield code="y">Ocupaci&#xF3;n haitiana 822-1844</subfield>
  </datafield>
  <datafield tag="710" ind1="2" ind2=" ">
    <subfield code="a"> Universidad Cat&#xF3;lica Madre y Maestra (Rep&#xFA;blica Dominicana) </subfield>
  </datafield>
  <datafield tag="910" ind1=" " ind2=" ">
    <subfield code="a">VMateo V. </subfield>
  </datafield>
  <datafield tag="942" ind1=" " ind2=" ">
    <subfield code="2">ddc</subfield>
    <subfield code="c">BK</subfield>
  </datafield>
  <datafield tag="952" ind1=" " ind2=" ">
    <subfield code="0">0</subfield>
    <subfield code="1">0</subfield>
    <subfield code="2">ddc</subfield>
    <subfield code="4">0</subfield>
    <subfield code="7">0</subfield>
    <subfield code="8">CD</subfield>
    <subfield code="a">BPMET</subfield>
    <subfield code="b">BPMET</subfield>
    <subfield code="d">2022-03-10</subfield>
    <subfield code="l">0</subfield>
    <subfield code="o">BPMSU CD 972.9304 M938d 1972</subfield>
    <subfield code="p">BPMSU22030020</subfield>
    <subfield code="r">2022-03-10</subfield>
    <subfield code="w">2022-03-10</subfield>
    <subfield code="y">BK</subfield>
  </datafield>
  <datafield tag="999" ind1=" " ind2=" ">
    <subfield code="c">14060</subfield>
    <subfield code="d">14060</subfield>
  </datafield>
</record>
